|
|
|
|
| LEADER |
01079pam a22002898a 4500 |
| 001 |
00027459 |
| 005 |
20171026081023.0 |
| 008 |
111114s2011 ||||||Viesd |
| 041 |
0 |
# |
|a Vie
|
| 082 |
1 |
4 |
|a 390.095 974 9
|b KH406Đ
|
| 100 |
1 |
# |
|a Lê, Nguyễn Lưu
|
| 245 |
1 |
0 |
|c Lê Nguyễn Lưu
|a Khoán định - hương ước và nếp sống văn hóa làng xứ Huế thế kỷ XVII-đầu thế kỷ XX
|
| 260 |
# |
# |
|a Hà Nội
|b Thời đại
|c 2011
|
| 300 |
# |
# |
|a 514 tr.
|c 21 cm.
|
| 500 |
# |
# |
|a ĐTTS ghi: Hội văn nghệ dân gian Việt Nam
|
| 650 |
# |
4 |
|a Huế (Việt Nam)
|x Lịch sử
|y Thế kỷ XVII-đầu thế kỷ XX
|
| 653 |
# |
# |
|a Lịch sử Huế
|
| 653 |
# |
# |
|a Nếp sống văn hóa
|
| 653 |
# |
# |
|a Huế
|
| 710 |
2 |
# |
|a Hội Văn nghệ dân gian Việt Nam
|
| 852 |
# |
# |
|b Kho đọc
|j KD.0011987
|
| 852 |
# |
# |
|j KD.0011987
|
| 910 |
# |
# |
|a Ntuyet
|d 14/11/2011
|
| 980 |
# |
# |
|a Trung tâm Học liệu Lê Vũ Hùng, Trường Đại học Đồng Tháp
|